Schaum's outline of digital / (Record no. 4996)
[ view plain ]
| 000 -LEADER | |
|---|---|
| fixed length control field | 01045nam a2200157 a 4500 |
| 100 1# - MAIN ENTRY--AUTHOR NAME | |
| Personal name | Tokheim, Roger. |
| 245 10 - TITLE STATEMENT | |
| Title | Schaum's outline of digital / |
| 250 ## - EDITION STATEMENT | |
| Edition statement | 6h ed. |
| 260 ## - PUBLICATION, DISTRIBUTION, ETC. (IMPRINT) | |
| Place of publication | [S.l.] : |
| Name of publisher | McGraw-Hill, |
| Year of publication | 2010. |
| 300 ## - PHYSICAL DESCRIPTION | |
| Number of Pages | 518 p. ; |
| 520 ## - SUMMARY, ETC. | |
| Summary, etc | If you want top grades and thorough understanding of digital principles, this powerful study tool is the best tutor you can have! It takes you step-by-step through the subject and gives you accompanying related problems with fully worked solutions. You also get additional problems to solve on your own, working at your own speed. (Answers at the back show you how youβre doing.) Famous for their clarity, wealth of illustrations and examplesβand lack of dreary minutiaeβSchaumβs Outlines have sold more than 30 million copies worldwide. This guide will show you why! |
| 856 40 - ELECTRONIC LOCATION AND ACCESS | |
| Uniform Resource Identifier | http://www.amazon.com/exec/obidos/ASIN/0070650500/chopaconline-20 |
| Withdrawn status | Lost status | Home library | Current library | Date acquired | Cost, normal purchase price | Full call number | Accession Number | Koha item type |
|---|---|---|---|---|---|---|---|---|
| Seminar Library, Electrical Engg. | Seminar Library, Electrical Engg. | 03/06/2014 | 969.00 | 621.3815TOK | 39812 | Books |